| 000 | 01040nam a22002655a 4500 | ||
|---|---|---|---|
| 003 | OSt | ||
| 005 | 20170404102252.0 | ||
| 008 | 170404s2011 xx frb 000 0 ara d | ||
| 015 | _a2010 / 11970 | ||
| 020 | _a9789770464629 | ||
| 040 |
_aEG-ScBUE _bara _cEG-ScBUE |
||
| 043 | _af-ua--- | ||
| 082 | 0 | 4 |
_a345.62075 _bي و س _222 |
| 100 | 1 | _aيوسف، مصطفى. | |
| 245 | 1 | 2 |
_aالحماية القانونية للشاهد في ضوء الفقه والقضاء : _bوفقا لقانون الإجراءات الجنائية المصري / _cمصطفى يوسف. |
| 260 |
_a[د. م. : _bد. ن.]، _c2011. |
||
| 300 |
_a151 ص. ؛ _c24 سم. |
||
| 504 | _aيشتمل على إرجاعات ببليوجرافية. | ||
| 650 | 7 |
_aشهادة الشهود _xحماية _xقوانين وتشريعات _zمصر. _2BUEsh |
|
| 650 | 7 |
_aشهادة الشهود (فقه إسلامي) _2BUEsh |
|
| 650 | 7 |
_aقانون الإجراءات الجنائية _zمصر. _2BUEsh _941140 |
|
| 651 | _2BUEsh | ||
| 653 |
_bLLAAWW _cApril2017 |
||
| 942 | _2ddc | ||
| 999 |
_c24595 _d24567 |
||